000 00925nas a2200289 4500
001 BR8304411
003 BR-BrBNA
005 20231205085651.0
007 ta
008 230509b bl.|||p| |||| 00| 00por d
040 _aBR-BrBNA
_bpor
_cBiblioteca Nacional de Agricultura
041 _a(Pt)
072 _aH10
100 1 _aSilva, M.T.B. da
100 1 _aLink, D.
100 1 _aMoscardi, F.
100 1 _aMarques, G.L.
245 1 _aRecomendacoes de inseticidas para utilizacao no Programa de Manejo de Pragas da Soja, safra 1983/84, estados do Rio Grande do Sul e Santa Catarina [Glycine max, Brasil]
650 _aSOJA
650 _aINSETICIDA
650 _aCONTROLE QUIMICO
650 _aRIO GRANDE DO SUL
650 _aSANTA CATARINA
773 0 _tTrigo e Soja (Brazil)
_xISSN 0100-5456
_g(Jul-Aug 1983), (no. 68) p. 22-26
_wBR8304411
909 _a202311
_bLúcia
_c55
_dLúcia Elande
942 _2AGRIS
_n0
_cANA
999 _c112921
_d112921